[Event "European School-ch 2019"]
[Site "Mamaia"]
[Date "2019.06.06"]
[Round "7.3"]
[White "Mammadov, Sadig"]
[Black "Zemnitskiy, Alexander"]
[Result "0-1"]
[WhiteElo "2208"]
[BlackElo "2024"]
[Annotator "RC"]
[PlyCount "94"]
[EventDate "2019.05.31"]
[EventType "swiss"]
[EventCountry "ROU"]
[SourceTitle "playchess.com"]
[Source "ChessBase"]
[SourceQuality "1"]
[TimeControl "40/5400+30:1800+30"]

1. e4 {[%emt 0:00:00]} c5 {[%emt 0:00:00]} 2. Nf3 {[%emt 0:00:00]} Nf6 {[%emt 0:00:00]} 3. Nc3 {[%emt 0:00:13]} d5 {[%emt 0:00:00]} 4. exd5 {[%emt 0:01:12]} Nxd5 {[%emt 0:00:00]} 5. Bc4 {[%emt 0:01:59]} e6 {[%emt 0:00:35]} 6. O-O {[%emt 0:00:47]} Nc6 {[%emt 0:00:45]} 7. d4 {[%emt 0:04:37]} cxd4 {[%emt 0:00:57]} 8. Nxd5 {[%emt 0:00:38]} exd5 {[%emt 0:00:01]} 9. Bb5 {[%emt 0:01:04]} a6 {[%emt 0:01:29]} 10. Re1+ {[%emt 0:00:38]} Be7 {[%emt 0:00:16]} 11. Bxc6+ {[%emt 0:00:06]} bxc6 {[%emt 0:00:16]} 12. Nxd4 {[%emt 0:00:42]} Bd7 {[%emt 0:00:26]} 13. Bg5 {[%emt 0:16:55]} f6 {[%emt 0:00:08]} 14. Bf4 {[%emt 0:03:16]} O-O {[%emt 0:00:52]} 15. Qe2 {[%emt 0:01:29]} Re8 {[%emt 0:02:57]} 16. Qd2 {[%emt 0:09:28]} Qb6 {[%emt 0:01:25]} 17. c3 {[%emt 0:00:24]} Bc5 {[%emt 0:00:42]} 18. Nb3 {[%emt 0:01:00]} Bf5 {[%emt 0:00:49]} 19. h3 {[%emt 0:02:48]} a5 {[%emt 0:01:47]} 20. Nd4 {[%emt 0:05:09]} Be4 {[%emt 0:02:06]} 21. f3 {[%emt 0:01:20]} Bg6 {[%emt 0:00:07]} 22. Kh2 {[%emt 0:00:24]} a4 {[%emt 0:06:37]} 23. Ne6 {[%emt 0:03:51]} Bf7 {[%emt 0:00:07]} 24. Nc7 {[%emt 0:01:18]} Rxe1 {[%emt 0:00:17]} 25. Nxa8 {[%emt 0:00:34]} Bg1+ {[%emt 0:00:08]} 26. Kg3 {[%emt 0:01:39]} Qf2+ {[%emt 0:03:02]} 27. Qxf2 {[%emt 0:00:13]} Bxf2+ {[%emt 0:00:01]} 28. Kxf2 {[%emt 0:00:08]} Rxa1 {[%emt 0:00:05]} 29. a3 {[%emt 0:00:31]} Rb1 {[%emt 0:00:02]} 30. Bd6 {[%emt 0:00:38]} Rxb2+ {[%emt 0:00:22]} 31. Ke3 {[%emt 0:00:17]} Rc2 {[%emt 0:06:38]} 32. Kd4 {[%emt 0:00:50]} Rd2+ {[%emt 0:00:32]} 33. Ke3 {[%emt 0:00:16]} Rxg2 {[%emt 0:01:06]} 34. Nb6 {[%emt 0:00:05]} d4+ {[%emt 0:00:25]} 35. Kxd4 {[%emt 0:00:54]} Bb3 {[%emt 0:00:35]} 36. Kc5 {[%emt 0:03:59]} Rc2 {[%emt 0:00:38]} 37. Kb4 {[%emt 0:00:19]} Kf7 {[%emt 0:01:03]} 38. Bc5 {[%emt 0:05:12]} Rb2 {[%emt 0:03:47]} 39. f4 {[%emt 0:00:47]} Bd1+ {[%emt 0:01:34]} 40. Kc4 {[%emt 0:00:00]} g5 {[%emt 0:00:00]} 41. fxg5 {[%emt 0:01:21]} fxg5 {[%emt 0:01:31]} 42. Be3 {[%emt 0:01:12]} Be2+ {[%emt 0:03:19]} 43. Kc5 {[%emt 0:00:10]} Rb3 {[%emt 0:00:15]} 44. Nxa4 {[%emt 0:00:23]} Bb5 {[%emt 0:00:23]} 45. Nb6 {[%emt 0:00:53]} Rxc3+ {[%emt 0:00:10]} 46. Kd4 {[%emt 0:00:03]} Rxa3 {[%emt 0:00:11]} 47. Nd7 {[%emt 0:00:37]} Rd3+ {[%emt 0:00:04]} 0-1

[Event "European School-ch 2019"]
[Site "Mamaia"]
[Date "2019.06.06"]
[Round "7.4"]
[White "Verbin, Valentina"]
[Black "Paraschiv, Paul-Alexandru"]
[Result "0-1"]
[WhiteElo "1961"]
[BlackElo "2055"]
[Annotator "NA RC"]
[PlyCount "50"]
[EventDate "2019.05.31"]
[EventType "swiss"]
[EventCountry "ROU"]
[SourceTitle "playchess.com"]
[Source "ChessBase"]
[SourceQuality "1"]
[TimeControl "40/5400+30:1800+30"]

1. e4 {[%emt 0:00:00]} e6 {[%emt 0:00:00]} 2. d4 {[%emt 0:00:00]} d5 {[%emt 0:00:00]} 3. Nd2 {[%emt 0:00:00]} Nf6 {[%emt 0:00:23]} 4. e5 {[%emt 0:00:01]} Nfd7 {[%emt 0:00:09]} 5. Bd3 {[%emt 0:00:11]} c5 {[%emt 0:00:05]} 6. c3 {[%emt 0:00:04]} Nc6 {[%emt 0:00:04]} 7. Ngf3 {[%emt 0:00:12]} f6 {[%emt 0:00:09]} 8. exf6 {[%emt 0:00:12]} Nxf6 {[%emt 0:00:05]} 9. O-O {[%emt 0:00:11]} cxd4 {[%emt 0:00:04]} 10. cxd4 {[%emt 0:00:11]} Bd6 {[%emt 0:00:04]} 11. b3 {[%emt 0:00:13]} O-O {[%emt 0:00:37] C06: French Tarrasch: 3...Nf6 4 e5 Nfd7 5 Bd3 main lines} 12. Bb2 {[%emt 0:00:13]} Nh5 {[%emt 0:06:48]} (12... Bd7 13. Ne5 Qb6 14. Nxd7 Nxd7 15. Qg4 Rae8 16. Nf3 Nf6 17. Qh4 e5 18. dxe5 Nxe5 19. Bxe5 Bxe5 {1-0 (66) Fedorchuk,S (2669)-Piorun,K (2517) Wroclaw 2014}) 13. Rc1 $146 {[%emt 0:08:24]} ({Predecessor:} 13. g3 g6 14. Qe2 Bd7 15. Rac1 Rc8 16. Ne5 Nxe5 17. dxe5 Bc5 18. Nf3 Qe7 19. Rc2 {1-0 (50) Anurag,M (2484)-Elgersma,O (2150) Dieren 2018}) 13... Nf4 {[%emt 0:01:17]} 14. Bb1 {[%emt 0:00:38]} Nb4 {[%emt 0:01:01]} 15. Rc3 {[%emt 0:02:23]} Bd7 {[%emt 0:03:24]} 16. Re1 {[%emt 0:11:25]} Qf6 {[%emt 0:02:44]} 17. a3 {[%emt 0:06:17]} Nc6 {[%emt 0:01:15]} 18. Rce3 {[%emt 0:01:52]} Qh6 {[%emt 0:11:27]} 19. b4 {[%emt 0:05:29]} (19. Nf1 $11) 19... a5 {[%emt 0:04:06]} 20. Ne5 $2 {[%emt 0:19:52]} (20. b5 $11 {and White has nothing to worry.} Ne7 21. a4) 20... Be8 $2 {[%emt 0:04:17]} ({Black should try} 20... axb4 $19 21. Ndf3 (21. Nxd7 $2 Nxg2 {[%mdl 64] Double Attack, Discovered Attack} 22. Nf1 Nxe3 $19) 21... Nxe5 22. Nxe5 Bb5) 21. bxa5 $2 {[%emt 0:08:34] [#]} (21. Ng4 $11 Qh5 22. b5) 21... Nxe5 $1 {[%emt 0:02:28]} ({Weaker is} 21... Rxa5 22. Ng4 $11) 22. dxe5 {[%emt 0:03:44]} Bc5 {[%emt 0:00:28]} 23. Rg3 $19 {[%emt 0:01:29]} (23. Nf1) 23... Bxf2+ {[%emt 0:03:01]} 24. Kxf2 {[%emt 0:00:13]} Nh3+ {[%emt 0:00:04]} 25. Ke2 {[%emt 0:01:17]} Bb5+ {[%emt 0:00:06]} 0-1

[Event "European School-ch 2019"]
[Site "Mamaia"]
[Date "2019.06.06"]
[Round "7.5"]
[White "Farcadi, Hunor"]
[Black "Celik, Eylul"]
[Result "1-0"]
[WhiteElo "2049"]
[BlackElo "1841"]
[Annotator "NA RC"]
[PlyCount "89"]
[EventDate "2019.05.31"]
[EventType "swiss"]
[EventCountry "ROU"]
[SourceTitle "playchess.com"]
[Source "ChessBase"]
[SourceQuality "1"]
[TimeControl "40/5400+30:1800+30"]

1. d4 {[%emt 0:00:00]} d5 {[%emt 0:00:00]} 2. Bf4 {[%emt 0:00:21]} c5 {[%emt 0:00:00]} 3. e3 {[%emt 0:00:09]} Nc6 {[%emt 0:00:00]} 4. c3 {[%emt 0:00:22]} Nf6 {[%emt 0:00:00]} 5. Nd2 {[%emt 0:00:03]} Bf5 {[%emt 0:00:20]} 6. Ngf3 {[%emt 0:00:08]} Qb6 {[%emt 0:02:57]} 7. Nh4 {[%emt 0:00:31]} e6 {[%emt 0:05:10]} 8. Nxf5 {[%emt 0:03:26]} exf5 {[%emt 0:00:02]} 9. Qb3 {[%emt 0:04:04]} Be7 {[%emt 0:08:12]} 10. dxc5 {[%emt 0:19:14]} Bxc5 {[%emt 0:02:09]} 11. Bd3 {[%emt 0:01:23]} Ne4 {[%emt 0:07:03]} 12. Qxb6 {[%emt 0:17:38]} Bxb6 {[%emt 0:00:23]} 13. Nxe4 {[%emt 0:09:02]} fxe4 {[%emt 0:03:19]} 14. Bc2 {[%emt 0:00:53]} f6 {[%emt 0:06:08]} 15. O-O-O {[%emt 0:02:29]} O-O-O {[%emt 0:06:28]} 16. Rd2 {[%emt 0:06:27]} (16. c4 $5) 16... Rd7 {[%emt 0:02:31]} 17. c4 $16 {[%emt 0:03:45]} dxc4 {[%emt 0:01:46]} 18. Rxd7 {[%emt 0:00:11]} Kxd7 {[%emt 0:00:01]} 19. Bxe4 {[%emt 0:00:16]} g6 {[%emt 0:09:48]} 20. Rd1+ {[%emt 0:01:26]} Ke7 {[%emt 0:00:38]} 21. Bxc6 {[%emt 0:03:53]} bxc6 {[%emt 0:00:01]} 22. Kc2 {[%emt 0:00:14]} g5 {[%emt 0:01:25]} 23. Bg3 {[%emt 0:00:20]} h5 {[%emt 0:00:50]} 24. Kc3 {[%emt 0:02:12]} h4 {[%emt 0:00:16]} 25. Bd6+ {[%emt 0:00:04]} Ke6 {[%emt 0:00:00]} 26. Ba3 {[%emt 0:00:15]} Bc7 {[%emt 0:01:41]} 27. h3 {[%emt 0:02:10]} Be5+ {[%emt 0:01:43]} 28. Kxc4 {[%emt 0:00:16]} f5 {[%emt 0:00:05]} 29. Bc5 {[%emt 0:03:13]} g4 {[%emt 0:01:11]} 30. Bd4 {[%emt 0:04:48]} Rd8 {[%emt 0:01:17]} 31. Rh1 {[%emt 0:01:46]} g3 {[%emt 0:01:18]} 32. f4 {[%emt 0:03:56]} Bc7 {[%emt 0:00:57]} 33. Rc1 {[%emt 0:02:19]} Rd5 {[%emt 0:01:35]} 34. Kd3 {[%emt 0:02:19]} Kd6 {[%emt 0:01:59]} 35. e4 {[%emt 0:00:50]} fxe4+ {[%emt 0:00:47]} 36. Kxe4 {[%emt 0:00:10]} Bb6 {[%emt 0:00:28]} 37. Be5+ {[%emt 0:02:25]} Kd7 {[%emt 0:00:04]} 38. Rc3 {[%emt 0:01:05]} Ke7 {[%emt 0:01:59]} 39. Rd3 {[%emt 0:00:36]} Ra5 {[%emt 0:00:45]} 40. a3 {[%emt 0:00:00]} Ra4+ {[%emt 0:00:00]} 41. Kf5 {[%emt 0:01:44]} Rc4 {[%emt 0:00:43]} 42. Rc3 {[%emt 0:00:13]} Rxc3 {[%emt 0:00:24]} 43. Bxc3 {[%emt 0:00:11]} Kf7 {[%emt 0:00:10]} 44. Bf6 {[%emt 0:00:10]} Bf2 {[%emt 0:00:07]} 45. Bxh4 {[%emt 0:00:07]} 1-0

[Event "European School-ch 2019"]
[Site "Mamaia"]
[Date "2019.06.06"]
[Round "7.7"]
[White "Ochedzan, Tymon"]
[Black "Ognean, Mihnea-Ionut"]
[Result "0-1"]
[WhiteElo "2064"]
[BlackElo "2260"]
[Annotator "TA"]
[PlyCount "100"]
[EventDate "2019.05.31"]
[EventType "swiss"]
[EventCountry "ROU"]
[SourceTitle "playchess.com"]
[Source "ChessBase"]
[SourceQuality "1"]

{[%evp 24,119,18,12,30,14,37,14,20,15,12,8,8,8,4,4,4,9,8,19,7,10,8,-23,-23,-47,-45,-141,-132,-184,-204,-193,-183,-346,-346,-340,-350,-341,-347,-344,-324,-297,-283,-347,-322,-419,-438,-503,-502,-491,-470,-450,-450,-443,-336,-439,-253,-887,-490,-976,-969,-786,-776,-836,-689,-1375,-1375,-4594,-3760,-1883,-1779,-29978,-29973,-29973,-29973,-29973,-29973,-29973,-29969,-29968,-29970,-29972,-29972,-29966,-29970,-29967,-29963,-12798,-10386,-29987,-29988,-29989,-29990,-29994,-29995,-29998,-29999,-29999]} 1. e4 c5 2. Nf3 Nc6 3. d4 cxd4 4. Nxd4 Nf6 5. Nc3 e5 6. Ndb5 d6 7. Bg5 a6 8. Na3 b5 9. Nd5 Be7 10. Bxf6 Bxf6 11. c3 Bg5 12. Nc2 Rb8 13. a4 bxa4 {B33: Sicilian: Pelikan and Sveshnikov Variations} 14. Ncb4 Nxb4 15. cxb4 (15. Nxb4 {seems wilder.} Bd7 16. Bxa6 Be7 17. Qe2 O-O 18. O-O) 15... Bd7 {The position is equal.} (15... O-O 16. Rxa4 a5 17. b5 Bd7 18. Nc3 d5 19. Nxd5 Be7 20. Qb3 Be6 21. Nxe7+ Qxe7 22. Bc4 Bxc4 23. Rxc4 Qb7 24. O-O Qxb5 25. Qc3 Qxb2 {½-½ (25) Deac,B (2609)-Kuzubov,Y (2644) Skopje 2019}) 16. Bxa6 O-O 17. O-O Bc6 18. Rxa4 Bxa4 19. Qxa4 Kh8 20. b5 Qe8 21. Qc4 f5 $146 22. exf5 Rxf5 23. Qc6 e4 {Strongly threatening ...Qe5.} 24. Qxe8+ Rxe8 25. Nc7 ({Better is} 25. Bb7 $15) 25... Rb8 $17 {aiming for ...e3.} 26. Re1 (26. Ne6 $17) 26... Bd8 $19 27. Rc1 Kg8 28. Rc6 $2 (28. b4) 28... Bxc7 29. Rxc7 {[#]} Rc5 $1 {[%cal Rc5c7]} 30. Rxc5 dxc5 {[%mdl 4096] Endgame KR-KB} 31. Kf1 Kf7 32. Ke2 Ke6 33. Ke3 Ke5 34. b3 Rb6 35. h4 h6 36. h5 Rb8 37. f3 exf3 38. gxf3 Rb6 39. Kd3 Kd5 (39... Rf6 $142 40. Bb7 Rf5) 40. Kc3 $2 (40. f4) 40... g6 41. hxg6 (41. b4 $142 gxh5 42. bxc5 Kxc5 43. Bc8) 41... Rxg6 42. Bb7+ Kd6 43. Be4 Rg1 44. b6 h5 45. b7 Kc7 46. Kc4 h4 47. Kxc5 h3 48. f4 h2 49. f5 Rf1 50. Kd5 {[#]} Rf4 {Played: Rf1xf5} 0-1

[Event "European School-ch 2019"]
[Site "Mamaia"]
[Date "2019.06.06"]
[Round "7.8"]
[White "Ceres, Dragos"]
[Black "Tinarlioglu, Emre"]
[Result "1-0"]
[WhiteElo "2291"]
[BlackElo "1907"]
[Annotator "TA"]
[PlyCount "69"]
[EventDate "2019.05.31"]
[EventType "swiss"]
[EventCountry "ROU"]
[SourceTitle "playchess.com"]
[Source "ChessBase"]
[SourceQuality "1"]

{[%evp 25,69,38,30,27,41,46,101,18,80,57,103,116,98,32,41,45,31,-10,116,108,164,159,154,73,71,89,112,101,97,71,137,116,172,176,325,320,319,335,464,420,1004,989,977,955,29989,29990]} 1. d4 Nf6 2. c4 c5 3. d5 e6 4. Nc3 exd5 5. cxd5 d6 6. e4 g6 7. f4 Bg7 8. Bb5+ Nfd7 9. a4 O-O 10. Nf3 Na6 11. O-O Nb4 12. Re1 a6 13. Bf1 Re8 14. Qb3 {A67: Modern Benoni: Taimanov Variation} (14. Be3 Nf6 15. Bf2 Nh5 16. Qd2 Bg4 17. Be2 Bh6 18. Be3 Nf6 19. h3 Bxf3 20. Bxf3 Nd7 21. a5 Rb8 22. Be2 Nf6 23. Bf3 Nd7 24. Be2 Nf6 25. Bf3 Nd7 {½-½ (25) Jakovenko,D (2725)-Gashimov,V (2734) Astrakhan 2010}) 14... Rb8 15. Bd2 Nf6 ({Black should play} 15... b5 $14) 16. h3 (16. e5 $1 $16 {[%cal Re5f6]} Nd7 17. Ne4 (17. exd6 Rxe1 18. Rxe1 Nf6 $11) 17... dxe5 18. Rac1) 16... Re7 $146 (16... b5 $11) ({Predecessor:} 16... Qb6 17. Bc4 Nd7 18. Kh1 Qd8 19. Rad1 Nb6 20. Bf1 Bd7 21. a5 Na8 {½-½ (45) Duquesne,A (2180)-Maisuradze,N (2239) Drancy 2016}) 17. Rad1 b5 18. axb5 axb5 19. Bc1 (19. e5 $1 $16 {[%cal Re5f6]} dxe5 20. fxe5 Nfxd5 21. Be3 (21. Bg5 c4 $15)) 19... Qa5 $14 20. e5 Ne8 21. Ne4 Qb6 {[#]} (21... Bf5 $11) 22. Be3 $1 $16 Na6 (22... Bf5 $16 23. Qxb4 cxb4 24. Bxb6 Rxb6) 23. Bf2 $18 Bf5 {[#]} 24. Kh1 (24. Ng3 $142 $1 {[%cal Rg3f5]} Bc8 25. Ne4) 24... Bxe4 $16 25. Rxe4 Ra7 26. Qc2 Qc7 27. h4 f5 (27... Nb4 $142 28. Qb3 Raa8) 28. Ree1 Nb4 (28... Bf8 $16 29. g3 Nb4) 29. Qb3 $18 h6 {[#]} (29... Bh6 {is a better defense.} 30. g3 Raa8) 30. h5 $1 {[%mdl 512]} gxh5 31. Nh4 Qc8 32. Qh3 Nc2 (32... Bf8 $142 33. Nxf5 {[%mdl 64] Discovered Attack} Ng7) 33. Bd3 Nxe1 34. Bxf5 Qd8 35. Be6+ {Accuracy: White = 48%, Black = 12%.} 1-0

[Event "European School-ch 2019"]
[Site "Mamaia"]
[Date "2019.06.06"]
[Round "7.9"]
[White "Balan, Bogdan"]
[Black "Neshev, Nikola"]
[Result "1-0"]
[WhiteElo "2027"]
[BlackElo "1370"]
[Annotator "NA RC"]
[PlyCount "46"]
[EventDate "2019.05.31"]
[EventType "swiss"]
[EventCountry "ROU"]
[SourceTitle "playchess.com"]
[Source "ChessBase"]
[SourceQuality "1"]
[TimeControl "40/5400+30:1800+30"]

{[%evp 8,32,0,6,32767,32767,32767,32767,32767,32767,32767,-45,-39,32767,-37,-40,8,-56,32767,-130,-62,-64,0,-27,0,-33,229]} 1. d4 {[%emt 0:00:00]} Nf6 {[%emt 0:00:00]} 2. c4 {[%emt 0:00:00]} e6 {[%emt 0:00:00]} 3. Nc3 {[%emt 0:01:15]} Bb4 {[%emt 0:00:00]} 4. f3 {[%emt 0:04:40]} c5 {[%emt 0:07:44]} 5. d5 {[%emt 0:00:36]} b5 {[%emt 0:00:46]} 6. e4 {[%emt 0:00:52]} O-O {[%emt 0:01:09]} 7. Bd2 {[%emt 0:27:31]} Bxc3 {[%emt 0:05:52]} 8. Bxc3 {[%emt 0:00:25]} b4 {[%emt 0:00:05]} 9. Be5 {[%emt 0:13:21]} d6 {[%emt 0:00:16]} 10. Bg3 {[%emt 0:00:43]} exd5 {[%emt 0:01:59]} 11. cxd5 {[%emt 0:03:19]} Re8 {[%emt 0:01:32]} 12. Be2 {[%emt 0:01:13]} (12. Bb5 $11) 12... Nh5 {[%emt 0:09:39]} 13. Bf2 {[%emt 0:07:24] [#]} (13. Bb5 $15 Nxg3 14. hxg3) 13... Nf4 {[%emt 0:00:16]} (13... f5 $1 $17 14. Nh3 fxe4 15. fxe4 Bxh3 16. gxh3 Nf4) 14. Bb5 {[%emt 0:05:11]} Nxg2+ {[%emt 0:03:53]} ({Better is} 14... Bd7 $15 15. Bf1 f5) 15. Kf1 {[%emt 0:00:25]} Nf4 {[%emt 0:00:05]} 16. Bg3 {[%emt 0:01:27]} Qb6 $18 {[%emt 0:12:32]} (16... Nh5 $11 {and Black has nothing to worry.}) 17. Qa4 {[%emt 0:02:39]} Nh3 {[%emt 0:22:38]} 18. Bxe8 {[%emt 0:02:11]} Nxg1 {[%emt 0:00:08]} 19. Rxg1 {[%emt 0:00:50]} Bh3+ {[%emt 0:00:18]} 20. Ke2 {[%emt 0:00:37]} c4 {[%emt 0:00:20]} 21. Bf2 {[%emt 0:02:41]} Qc7 {[%emt 0:00:25]} 22. Bc6 {[%emt 0:01:07]} c3 {[%emt 0:01:16]} 23. bxc3 {[%emt 0:00:17]} bxc3 {[%emt 0:00:44]} 1-0

[Event "European School-ch 2019"]
[Site "Mamaia"]
[Date "2019.06.06"]
[Round "7.10"]
[White "Padurariu, Mihai-Edward"]
[Black "Dotsenko, Makar"]
[Result "1/2-1/2"]
[WhiteElo "2090"]
[BlackElo "1610"]
[Annotator "NA RC"]
[PlyCount "86"]
[EventDate "2019.05.31"]
[EventType "swiss"]
[EventCountry "ROU"]
[SourceTitle "playchess.com"]
[Source "ChessBase"]
[SourceQuality "1"]
[TimeControl "40/5400+30:1800+30"]

1. e4 {[%emt 0:00:00]} c5 {[%emt 0:00:00]} 2. b3 {[%emt 0:00:00]} d6 {[%emt 0:00:02]} 3. Bb2 {[%emt 0:00:04]} Nc6 {[%emt 0:01:24]} 4. f4 {[%emt 0:01:43]} e5 {[%emt 0:01:55]} 5. Nf3 {[%emt 0:04:51]} exf4 {[%emt 0:16:34]} 6. Bb5 {[%emt 0:00:06]} Bd7 {[%emt 0:02:47]} 7. O-O {[%emt 0:04:25]} Nf6 {[%emt 0:05:10]} 8. Bxc6 {[%emt 0:02:19]} Bxc6 {[%emt 0:03:34]} 9. e5 {[%emt 0:00:33]} dxe5 {[%emt 0:01:49]} 10. Nxe5 {[%emt 0:00:13]} Rc8 {[%emt 0:04:51]} 11. Qe2 {[%emt 0:31:06]} Be7 $1 {[%emt 0:08:32]} 12. Re1 {[%emt 0:03:30]} Rc7 {[%emt 0:06:52]} 13. Na3 {[%emt 0:03:35]} O-O {[%emt 0:04:22]} 14. Nxc6 $11 {[%emt 0:00:04]} bxc6 {[%emt 0:00:01]} 15. Qe5 {[%emt 0:08:02]} Bd6 {[%emt 0:12:29]} 16. Qg5 {[%emt 0:02:15]} h6 {[%emt 0:10:14]} 17. Qf5 {[%emt 0:01:35]} Nd5 {[%emt 0:01:57]} 18. Nc4 {[%emt 0:00:46]} Be7 {[%emt 0:01:25]} 19. Be5 {[%emt 0:06:46]} Rd7 {[%emt 0:03:47]} 20. Bxf4 {[%emt 0:04:06]} Nxf4 {[%emt 0:00:07]} 21. Qxf4 {[%emt 0:00:04]} Bg5 {[%emt 0:01:49]} 22. Qf3 {[%emt 0:01:24]} Bxd2 {[%emt 0:02:15]} 23. Rf1 {[%emt 0:01:53]} Rd5 {[%emt 0:01:46]} 24. Rad1 {[%emt 0:00:44]} Bg5 {[%emt 0:00:56]} 25. Rde1 {[%emt 0:00:04]} Qc7 {[%emt 0:01:11]} 26. Re4 {[%emt 0:01:10]} Rd4 {[%emt 0:03:03]} 27. Rfe1 {[%emt 0:00:22]} Qd8 {[%emt 0:01:32]} 28. Qe2 {[%emt 0:03:09]} Rxe4 {[%emt 0:00:30]} 29. Qxe4 {[%emt 0:00:04]} Qd4+ {[%emt 0:00:30]} 30. Kh1 {[%emt 0:01:20]} Qxe4 {[%emt 0:01:30]} 31. Rxe4 {[%emt 0:00:05]} Rd8 {[%emt 0:00:11]} 32. Re1 {[%emt 0:01:48]} Bf6 {[%emt 0:00:43]} 33. g3 {[%emt 0:00:50]} g5 {[%emt 0:01:07]} 34. Kg2 {[%emt 0:01:31]} Kg7 {[%emt 0:00:09]} 35. Re2 {[%emt 0:00:51]} Rd7 {[%emt 0:00:37]} 36. Na5 {[%emt 0:00:46]} Rd6 {[%emt 0:00:55]} 37. Nb7 {[%emt 0:03:40]} Rd5 {[%emt 0:00:55]} 38. c4 {[%emt 0:01:16]} Rf5 {[%emt 0:00:46]} 39. Nd6 {[%emt 0:01:31]} Re5 {[%emt 0:00:33]} 40. Rxe5 {[%emt 0:00:00]} Bxe5 {[%emt 0:00:00]} 41. Nc8 {[%emt 0:07:50]} a5 {[%emt 0:04:12]} 42. Ne7 {[%emt 0:03:39]} Kf6 {[%emt 0:08:09]} 43. Nxc6 {[%emt 0:00:17]} Bc7 {[%emt 0:00:24]} 1/2-1/2

[Event "European School-ch 2019"]
[Site "Mamaia"]
[Date "2019.06.06"]
[Round "7.11"]
[White "Radojicic, Aleksandar M"]
[Black "Vilcu, Matei-Stefan"]
[Result "0-1"]
[WhiteElo "1906"]
[BlackElo "1991"]
[Annotator "NA RC"]
[PlyCount "104"]
[EventDate "2019.05.31"]
[EventType "swiss"]
[EventCountry "ROU"]
[SourceTitle "playchess.com"]
[Source "ChessBase"]
[SourceQuality "1"]
[TimeControl "40/5400+30:1800+30"]

1. d4 {[%emt 0:00:00]} c5 {[%emt 0:00:00]} 2. d5 {[%emt 0:01:18]} e5 {[%emt 0:00:29]} 3. c4 {[%emt 0:07:01]} d6 {[%emt 0:00:08]} 4. e4 {[%emt 0:04:01]} g6 {[%emt 0:01:07]} 5. Nc3 {[%emt 0:02:29]} Bg7 {[%emt 0:02:04]} 6. Bd3 {[%emt 0:02:30]} Ne7 {[%emt 0:01:11]} 7. h4 {[%emt 0:14:50]} h5 {[%emt 0:07:07]} 8. Qa4+ {[%emt 0:24:50]} Bd7 {[%emt 0:15:31]} 9. Qb3 {[%emt 0:01:28]} Na6 {[%emt 0:01:43]} 10. Nb5 {[%emt 0:05:14]} ({Don't play} 10. Qxb7 $6 Nb4 $11) 10... Bxb5 {[%emt 0:09:35]} 11. Qxb5+ {[%emt 0:06:58]} Qd7 $16 {[%emt 0:04:49]} 12. Qxd7+ {[%emt 0:06:17]} Kxd7 {[%emt 0:00:11]} 13. a3 {[%emt 0:01:46]} Bh6 {[%emt 0:03:26]} 14. Bxh6 {[%emt 0:08:30]} Rxh6 {[%emt 0:00:05]} 15. Nf3 {[%emt 0:07:16]} f5 {[%emt 0:05:10]} 16. Ng5 {[%emt 0:01:35]} fxe4 {[%emt 0:01:26]} 17. Bxe4 {[%emt 0:00:59]} Nc7 {[%emt 0:05:13]} 18. b4 {[%emt 0:00:58]} b6 {[%emt 0:02:47]} 19. Rd1 {[%emt 0:00:45]} Rf8 {[%emt 0:04:43]} 20. Ke2 {[%emt 0:00:39]} Nf5 {[%emt 0:06:25]} 21. Rh3 {[%emt 0:00:11]} Nd4+ {[%emt 0:03:54]} 22. Ke1 {[%emt 0:00:12]} Ne8 {[%emt 0:03:21]} 23. bxc5 {[%emt 0:00:42]} dxc5 {[%emt 0:01:35]} 24. Nf3 {[%emt 0:00:38]} Kd6 {[%emt 0:11:54]} 25. Rg3 {[%emt 0:00:13]} Rf4 {[%emt 0:01:56]} 26. Bxg6 {[%emt 0:00:36]} Nxf3+ {[%emt 0:00:13]} 27. gxf3 {[%emt 0:00:11]} Nf6 {[%emt 0:00:11]} 28. Bd3 {[%emt 0:00:49]} Rxh4 {[%emt 0:00:14]} 29. Ke2 {[%emt 0:00:13]} e4 {[%emt 0:00:52]} 30. fxe4 {[%emt 0:01:18]} Nxe4 {[%emt 0:00:06]} 31. Bxe4 {[%emt 0:00:26]} Rxe4+ {[%emt 0:00:05]} 32. Re3 {[%emt 0:00:26]} Rxc4 {[%emt 0:00:27]} 33. Re8 {[%emt 0:00:19]} Rc2+ {[%emt 0:02:20]} 34. Ke1 {[%emt 0:00:43]} h4 {[%emt 0:00:54]} 35. Rd8+ {[%emt 0:00:26]} Kc7 {[%emt 0:00:05]} 36. Ra8 {[%emt 0:00:06]} h3 {[%emt 0:00:59]} 37. Kf1 {[%emt 0:00:30]} Rf6 {[%emt 0:03:02]} 38. Rxa7+ Kd6 39. Rg7 {[%emt 0:00:47]} Rfxf2+ {[%emt 0:00:17]} 40. Kg1 {[%emt 0:00:00]} Rg2+ {[%emt 0:00:00]} 41. Rxg2 {[%emt 0:02:00]} Rxg2+ {[%emt 0:01:43]} 42. Kh1 {[%emt 0:00:13]} Rg3 {[%emt 0:00:13]} 43. a4 {[%emt 0:00:09]} Ra3 {[%emt 0:00:30]} 44. Kh2 {[%emt 0:00:13]} Rxa4 {[%emt 0:00:53]} 45. Kxh3 {[%emt 0:00:08]} Rd4 {[%emt 0:00:03]} 46. Rb1 {[%emt 0:00:25]} Kc7 {[%emt 0:00:21]} 47. Kg3 {[%emt 0:00:06]} Rxd5 {[%emt 0:00:03]} 48. Kf4 {[%emt 0:00:09]} Kc6 {[%emt 0:00:22]} 49. Ke4 {[%emt 0:00:14]} Rd6 {[%emt 0:00:07]} 50. Ke5 {[%emt 0:00:05]} b5 {[%emt 0:00:12]} 51. Rxb5 {[%emt 0:00:39]} Kxb5 {[%emt 0:00:03]} 52. Kxd6 {[%emt 0:00:01]} c4 {[%emt 0:00:07]} 0-1

[Event "European School-ch 2019"]
[Site "Mamaia"]
[Date "2019.06.06"]
[Round "7.12"]
[White "Silich, Yahor"]
[Black "Tashev, Aleksandar"]
[Result "1-0"]
[WhiteElo "2082"]
[BlackElo "2119"]
[Annotator "TA"]
[PlyCount "29"]
[EventDate "2019.05.31"]
[EventType "swiss"]
[EventCountry "ROU"]
[SourceTitle "playchess.com"]
[Source "ChessBase"]
[SourceQuality "1"]

{[%evp 17,29,56,135,133,210,216,227,148,350,344,340,138,703,648]} 1. e4 c5 2. Nf3 e6 3. Nc3 a6 4. g3 Nc6 5. Bg2 Qc7 6. O-O b5 7. d4 cxd4 8. Nxd4 Bb7 9. Re1 d6 ({Better is} 9... Nxd4 $14 10. Qxd4 Rc8) 10. a4 $16 {B43: Sicilian: Kan Variation: 5 Nc3} b4 {[#]} (10... Nxd4 $16 11. Qxd4 b4) 11. Nd5 $1 $18 {[%cal Rd5c7][%mdl 512]} Qa5 (11... exd5 12. Nxc6) 12. Qh5 {Threatens to win with Nxc6.} e5 $146 ({But not} 12... Nxd4 $2 {[#]} 13. Nf6+ $1 {[%mdl 512]} Nxf6 14. Qxa5 $18) (12... exd5 $16 {was worth a try.} 13. Nxc6 (13. exd5+ Nce7 $14) (13. Nb3 Qc7 $15) 13... Bxc6) ({Predecessor:} 12... exd5 13. Nxc6 Bxc6 14. exd5+ Ne7 15. Bg5 Bd7 16. Bxe7 Bxe7 17. Qg5 Qd8 18. Qxg7 {1-0 (29) Almasi,I (2350)-Bardossi,J (2280) Hungary 1992}) 13. Ne6 Rc8 {intending ...g6.} 14. Ng5 (14. Be3 $18 {has better winning chances.} g6 15. Qh3 fxe6 16. Qxe6+ Nce7 17. Qxd6 Bxd5 18. exd5) 14... Nh6 $2 {[%mdl 8192]} (14... g6 $16 15. Qf3 Nd8) 15. Be3 {Accuracy: White = 40%, Black =  3%.} 1-0